000 00599nam a22002177a 4500
003 UA-OsUOA
001 65059
007 ta
008 20091112b un ||||| |||| 00| 0 ukr d
090 _a7.071:929
_bУ45
942 _cBK
040 _aUA-OsUOA
_bukr
_cUA-OsUOA
_dUA-OsUOA
245 _aУкраїнський художній авангард
_bБібліографічний покажчик
300 _a75 с.
955 _a4
041 _aukr
080 _a7.071:929
260 _aК.
_c1999
650 7 _a7.0 Загальні питання мистецтва
_2UDC
999 _c351172
_d351172